000 00950nam a2200241 a 4500
001 74231
003 BD-RjUL
005 20211209082521.0
008 180410s2017 bg ||||| b||| 000 0 ben d
020 _a97898492130009
_cTk.350.00
035 _a(BD-RjUL)74449
040 _aBD-RjUL
_beng
_cBD-RjUL
041 _aben
082 _223
_a320.9549205
_bSAC 2017
100 1 _aসাইয়িদ, আবু
_9221058
245 1 0 _aকোর্ট মার্শাল আমি মৃত্যুকে পরোয়া করি না
_cআবু সাইয়িদ,
260 _aঢাকা :
_bসূচীপত্র ,
_c২০১৭
300 _a১৭৬ পৃ. ;
_c২২ সেমি.
504 _aগ্রন্থপঞ্জি সংযোজিত
650 _zবাংলাদেশ
_vরাজনীতি এবং সরকার
_9221059
650 _zBangladesh
_vpolitics and Government
_9221060
942 _2ddc
_cBK
999 _c74231
_d74231